| 000 | 00930cam a2200253 a 4500 | ||
|---|---|---|---|
| 001 | 000019074 | ||
| 005 | 20200929165920.0 | ||
| 008 | 770211s1975 ve b f000 0cspa d | ||
| 040 |
_aDO-SdBNP _cDLC _dDLC _dBNPHU |
||
| 043 |
_as------ _as-pe--- |
||
| 082 |
_annnn _bP427s |
||
| 100 | 1 |
_aPerazzo, Nicolás, _916093 |
|
| 245 | 1 | 0 |
_aSánchez Carrión y Unanue : _bministros del libertador / _cNicolás Perazzo. |
| 260 |
_aCaracas : _bOficina Central de Información, _c1975. |
||
| 300 |
_a251, [252-253] p. ; _c23 cm. |
||
| 504 | _aBibliografía: p. 133-136. | ||
| 500 | _a"Apendice de documentos" (p. [137]-251) | ||
| 600 | 2 | 0 |
_aSánchez Carrión, José Faustino, _d1787-1825. _941040 |
| 600 | 1 | 0 |
_aUnanue, José Hiplito, _d1755-1833. _941041 |
| 650 | 0 |
_aStatesmen _zPeru _xBiography. _941042 |
|
| 651 | 0 |
_aSouth America _xHistory _yWars of Independence, 1806-1830. _923538 |
|
| 910 | _aCatalogación derivada / LC | ||
| 049 | _aBNGR | ||
| 999 |
_c18592 _d18592 |
||